[Event "SG Ennepe-Ruhr-Süd 1 - SV Hemer 1"]
[Site "NRW-Klasse - Gruppe 2 2021/20"]
[Date "2022.03.27"]
[Round "7.4"]
[White "Heller, Achim"]
[Black "Stoering, Marc"]
[Result "1/2-1/2"]
[WhiteElo "1985"]
[BlackElo "1917"]
[Annotator "daniel"]
[PlyCount "118"]
[EventDate "2022.??.??"]
[SourceVersionDate "2020.03.16"]
[WhiteTeam "SG Ennepe-Ruhr-Süd 1"]
[BlackTeam "SV Hemer 1"]

1. d4 d5 2. c4 e6 3. Nc3 Be7 4. Nf3 f5 5. g3 Nf6 6. Bg2 c6 7. O-O O-O 8. b3 Bd7
9. Bb2 Be8 10. Ng5 Bf7 11. Qd3 Ne4 12. Nxf7 Rxf7 13. e3 Nxc3 14. Bxc3 Nd7 15.
f3 g6 16. Qd2 Nf6 17. e4 Bf8 18. Rae1 Qd7 19. Kh1 Rd8 20. cxd5 cxd5 21. e5 Ne8
22. Rc1 Rc8 23. Qb2 Nc7 24. a4 Na6 25. Bd2 Nb4 26. Rxc8 Qxc8 27. Rc1 Rc7 $11
28. Rxc7 Qxc7 29. Bf1 Qb6 30. Qc3 Nc6 31. Be3 Qb4 32. Qxb4 Bxb4 33. Bb5 Na5 34.
Bd7 Kf7 35. Bc8 b6 36. Ba6 Nxb3 37. Bd3 Bc3 38. Bc2 Nxd4 39. Bxd4 Bxd4 40. f4
h6 41. h4 g5 42. hxg5 hxg5 43. Kg2 Ke7 44. Bd3 Kd7 45. Bb5+ Kc7 46. Kf3 Bc3 47.
Ke2 Bb2 48. Kd2 gxf4 49. gxf4 Bd4 50. Ke2 Kd8 51. Kf3 Bb2 52. Bd3 Ke7 53. Be2
Bc1 54. Bd3 Kf8 55. Bb5 Kf7 56. Bc6 d4 57. Bb5 Ke7 58. Bc4 Kd7 59. Bb5+ Ke7
1/2-1/2

[Event "SG Ennepe-Ruhr-Süd 1 - SV Hemer 1"]
[Site "NRW-Klasse - Gruppe 2 2021/20"]
[Date "2022.03.27"]
[Round "7.5"]
[White "Trinh, Fabian Dat"]
[Black "Hess, Olena"]
[Result "1/2-1/2"]
[WhiteElo "1891"]
[BlackElo "2033"]
[Annotator "daniel"]
[PlyCount "41"]
[EventDate "2022.??.??"]
[SourceVersionDate "2020.03.16"]
[WhiteTeam "SV Hemer 1"]
[BlackTeam "SG Ennepe-Ruhr-Süd 1"]

1. d4 d6 2. Nf3 Bg4 3. Bf4 Bxf3 4. exf3 Nf6 5. Bd3 g6 6. Nc3 Bg7 7. Qd2 c6 8.
O-O-O O-O $11 9. Bh6 Qb6 10. Bxg7 Kxg7 11. Qe3 e5 12. dxe5 Qxe3+ 13. fxe3 dxe5
14. g4 Rd8 15. Be2 Nbd7 16. g5 Ne8 17. Rd2 Nc5 18. Rhd1 Rxd2 19. Rxd2 a5 20. a4
Kf8 21. Bc4 1/2-1/2

[Event "SG Ennepe-Ruhr-Süd 1 - SV Hemer 1"]
[Site "NRW-Klasse - Gruppe 2 2021/20"]
[Date "2022.03.27"]
[Round "7.6"]
[White "Nasoyan, Maksim"]
[Black "Poggemann, Alexander"]
[Result "1/2-1/2"]
[WhiteElo "1895"]
[BlackElo "1857"]
[PlyCount "55"]
[EventDate "2022.??.??"]
[SourceVersionDate "2020.03.16"]
[WhiteTeam "SG Ennepe-Ruhr-Süd 1"]
[BlackTeam "SV Hemer 1"]

1. d4 Nf6 2. Nf3 g6 3. c4 Bg7 4. Nc3 d5 5. cxd5 Nxd5 6. h4 h5 7. Bg5 Bg4 8. Ne5
Nxc3 9. bxc3 Bxe5 10. dxe5 Qxd1+ 11. Rxd1 Nc6 12. Bf4 O-O 13. f3 Be6 14. e4
Rfd8 15. Rb1 Na5 16. Be2 c6 17. Bg5 Rd7 18. Kf2 Nc4 19. Rhd1 Rad8 20. Bxe7 Rxd1
21. Bxd1 Rd7 22. Bf6 Na3 23. Rb2 Nc4 24. Rb1 Na3 25. Rb4 a5 26. Rb2 Nc4 27. Rb1
Na3 28. Rb2 1/2-1/2

[Event "SG Ennepe-Ruhr-Süd 1 - SV Hemer 1"]
[Site "NRW-Klasse - Gruppe 2 2021/20"]
[Date "2022.03.27"]
[Round "7.7"]
[White "Proeschold, Bernd"]
[Black "Schaefer, Martin"]
[Result "1/2-1/2"]
[WhiteElo "2085"]
[BlackElo "1888"]
[PlyCount "105"]
[EventDate "2022.??.??"]
[SourceVersionDate "2020.03.16"]
[WhiteTeam "SV Hemer 1"]
[BlackTeam "SG Ennepe-Ruhr-Süd 1"]

1. e4 c5 2. Nc3 Nc6 3. g3 g6 4. Bg2 Bg7 5. d3 d6 6. f4 Nh6 7. Nf3 b5 8. Nxb5
Rb8 9. a4 a6 10. Nc3 Qa5 11. O-O e6 12. Qe1 O-O 13. Nd1 Bd7 14. c3 Qb6 15. Ne3
Na5 16. Nd2 Nb3 17. Nxb3 Qxb3 18. Ra3 Qb6 19. a5 Qc7 20. Qd1 f5 21. Rf2 Rb5 22.
Nc4 Ng4 23. Re2 Bc6 24. h3 d5 25. exd5 exd5 26. hxg4 dxc4 27. Bxc6 Qxc6 28.
dxc4 Rbb8 29. Qd5+ Qxd5 30. cxd5 fxg4 31. Be3 Rfc8 32. Ra4 Bf8 33. Kf2 Rb5 34.
f5 c4 35. fxg6 hxg6 36. Rd2 Bd6 37. Bf4 Rf8 38. Ke2 Bxf4 39. gxf4 Rxf4 40. Ke3
g5 41. Rf2 g3 42. Rxf4 gxf4+ 43. Kxf4 g2 44. Ra1 Kf7 45. Ke5 Ke7 46. Kd4 Kd6
47. Kxc4 Rc5+ 48. Kd4 Rxa5 49. Rg1 Rxd5+ 50. Ke3 Rg5 51. Kf2 Rb5 52. b4 Rf5+
53. Kxg2 1/2-1/2

[Event "SG Ennepe-Ruhr-Süd 1 - SV Hemer 1"]
[Site "NRW-Klasse - Gruppe 2 2021/20"]
[Date "2022.03.27"]
[Round "7.8"]
[White "Liesendahl, Felix"]
[Black "Zuleger, Detlev"]
[Result "1-0"]
[WhiteElo "1680"]
[BlackElo "1703"]
[PlyCount "57"]
[EventDate "2022.??.??"]
[SourceVersionDate "2020.03.16"]
[WhiteTeam "SG Ennepe-Ruhr-Süd 1"]
[BlackTeam "SV Hemer 1"]

1. e4 c5 2. Nf3 d6 3. d4 cxd4 4. Nxd4 Nf6 5. Nc3 g6 6. Be3 Bg7 7. Qd2 Ng4 8.
Bg5 h6 9. Bh4 Nc6 10. Bb5 Qb6 11. O-O-O g5 12. Bg3 Bd7 13. Nf5 Bxf5 14. Nd5 Qd8
15. exf5 O-O 16. h4 e6 17. Ne3 Qf6 18. c3 Nxe3 19. Qxe3 a6 20. hxg5 hxg5 21.
Bxc6 bxc6 22. fxe6 d5 23. exf7+ Rxf7 24. Rh5 g4 25. Rdh1 Re7 26. Qd3 Rae8 27.
Qh7+ Kf8 28. Rf5 Bh6+ 29. Qxh6+ 1-0

[Event "Südlohner SV 1 - SG Bochum 2"]
[Site "NRW-Klasse - Gruppe 2 2021/20"]
[Date "2022.03.27"]
[Round "7.1"]
[White "Wuebker, Paul-Luca"]
[Black "Funke, Reinhard"]
[Result "1-0"]
[WhiteElo "2174"]
[BlackElo "2002"]
[PlyCount "95"]
[EventDate "2022.??.??"]
[SourceVersionDate "2020.03.16"]
[WhiteTeam "SG Bochum 2"]
[BlackTeam "Südlohner SV 1"]

1. d4 Nf6 2. c4 e6 3. Nf3 Bb4+ 4. Nbd2 O-O 5. a3 Be7 6. e4 d5 7. cxd5 exd5 8.
e5 Ne4 9. Bd3 f5 10. exf6 Bxf6 11. O-O Nxd2 12. Qxd2 Nc6 13. h3 g6 14. Qc3 Qd6
15. Bh6 Re8 16. Rac1 Bd7 17. Bb1 Rac8 18. Qd2 Be6 19. Bf4 Qd7 20. Bc2 Nd8 21.
Ne5 Qe7 22. Rfe1 c6 23. Re3 g5 24. Bxg5 Bxg5 25. Rg3 Nf7 26. Nxf7 Bxf7 27.
Rxg5+ Kh8 28. Re5 Qd6 29. Rce1 Rxe5 30. Rxe5 c5 31. Qf4 Bg8 32. Qf5 cxd4 33.
Qxc8 Qxe5 34. Qf5 Qe1+ 35. Kh2 Qe7 36. Qf4 Qg7 37. Bd3 a6 38. Qd6 Qg5 39. f4
Qg7 40. g4 Bf7 41. Kg3 h6 42. h4 Kg8 43. Qd8+ Qf8 44. Qxf8+ Kxf8 45. f5 Ke7 46.
Kf4 Kd6 47. g5 hxg5+ 48. hxg5 1-0

[Event "Südlohner SV 1 - SG Bochum 2"]
[Site "NRW-Klasse - Gruppe 2 2021/20"]
[Date "2022.03.27"]
[Round "7.2"]
[White "Kolakovic, Klaudio"]
[Black "Mazarov, Juergen"]
[Result "1/2-1/2"]
[WhiteElo "2100"]
[BlackElo "2046"]
[PlyCount "120"]
[EventDate "2022.??.??"]
[SourceVersionDate "2020.03.16"]
[WhiteTeam "Südlohner SV 1"]
[BlackTeam "SG Bochum 2"]

1. d4 g6 2. e4 Bg7 3. Nc3 d6 4. Be3 a6 5. a4 b6 6. f4 e6 7. Nf3 Ne7 8. Be2 Bb7
9. O-O Nd7 10. Qd2 O-O 11. h4 Nf6 12. Bd3 Ng4 13. Ne2 Qd7 14. Ng3 f5 15. exf5
exf5 16. Bc4+ Kh8 17. Bb3 Rae8 18. Rae1 Nd5 19. Bf2 b5 20. axb5 axb5 21. c3 Bf6
22. Rxe8 Rxe8 23. Re1 Rxe1+ 24. Bxe1 Qe7 25. Nf1 Qe4 26. Bg3 Nde3 27. Nxe3 Nxe3
28. Ne1 Kg7 29. Qe2 Bc6 30. Bf2 Ng4 31. Qxe4 fxe4 32. Bg3 d5 33. Bd1 Ne3 34.
Be2 Nf5 35. Kf2 Nxh4 36. Bxh4 Bxh4+ 37. g3 Be7 38. b4 Bd7 39. Nc2 h5 40. Ne3 c6
41. Ng2 Kh6 42. Ne3 g5 43. Ng2 Bd6 44. Ke3 Bh3 45. fxg5+ Kxg5 46. Kf2 Bxg2 47.
Kxg2 h4 48. gxh4+ Kxh4 49. Kf2 Bf4 50. Ke1 Be3 51. Bd1 Bc1 52. Be2 e3 53. Bd3
Kg5 54. Ke2 Bd2 55. Bc2 Kf4 56. Bg6 Bxc3 57. Be8 Ke4 58. Bxc6 Kxd4 59. Bxb5
Bxb4 60. Bd3 Bc5 1/2-1/2

[Event "Südlohner SV 1 - SG Bochum 2"]
[Site "NRW-Klasse - Gruppe 2 2021/20"]
[Date "2022.03.27"]
[Round "7.3"]
[White "Prieb, Robert"]
[Black "Engels, Natia"]
[Result "1-0"]
[WhiteElo "2021"]
[BlackElo "2085"]
[PlyCount "117"]
[EventDate "2022.??.??"]
[SourceVersionDate "2020.03.16"]
[WhiteTeam "SG Bochum 2"]
[BlackTeam "Südlohner SV 1"]

1. d4 Nf6 2. c4 g6 3. Nc3 d5 4. Nf3 Bg7 5. Bg5 c6 6. Qb3 dxc4 7. Qxc4 b5 8. Qd3
O-O 9. e4 b4 10. Na4 Ba6 11. Qc2 Bxf1 12. Kxf1 Qc8 13. Rc1 h6 14. Bxf6 Bxf6 15.
Qc4 Qg4 16. e5 Bg5 17. h3 Qf4 18. Rd1 e6 19. Nxg5 hxg5 20. Qxb4 Nd7 21. Qd2 Qh4
22. Qc2 Nb6 23. g3 Qh5 24. g4 Qh4 25. Nxb6 axb6 26. Qxc6 Rxa2 27. Qxb6 Rc8 28.
Qb3 Raa8 29. Rd2 Rab8 30. Qf3 Rb4 31. Kg2 Rcb8 32. Rc1 Qh6 33. Qf6 Rb3 34. Rc3
Qf8 35. Qxg5 Rxb2 36. Rxb2 Rxb2 37. Rf3 Qa8 38. Qf6 Qb7 39. d5 Qxd5 40. Qxf7+
Kh8 41. Qxg6 Rb3 42. Qh6+ Kg8 43. Qf8+ Kh7 44. g5 Rxf3 45. Qxf3 Qxe5 46. Qf7+
Kh8 47. Qf6+ Qxf6 48. gxf6 Kh7 49. Kf3 Kg6 50. Ke4 Kxf6 51. h4 e5 52. h5 Ke6
53. h6 Kf6 54. h7 Kg7 55. Kxe5 Kxh7 56. Kf6 Kg8 57. f4 Kf8 58. f5 Ke8 59. Kg7
1-0

[Event "Südlohner SV 1 - SG Bochum 2"]
[Site "NRW-Klasse - Gruppe 2 2021/20"]
[Date "2022.03.27"]
[Round "7.4"]
[White "Darwisch, Khaled"]
[Black "Klugstedt, Vincent"]
[Result "0-1"]
[WhiteElo "2076"]
[BlackElo "1802"]
[PlyCount "66"]
[EventDate "2022.??.??"]
[SourceVersionDate "2020.03.16"]
[WhiteTeam "Südlohner SV 1"]
[BlackTeam "SG Bochum 2"]

1. e4 c5 2. d3 Nc6 3. g3 d5 4. Nd2 Nf6 5. h3 e5 6. Bg2 Be6 7. Ngf3 h6 8. O-O
dxe4 9. dxe4 Qd7 10. Kh2 Rd8 11. Qe2 Bd6 12. c3 O-O 13. Ne1 Qe7 14. Nc4 a6 15.
Nxd6 Qxd6 16. Be3 Bc8 17. Qc4 b6 18. f4 exf4 19. gxf4 Qe6 20. Qa4 Rfe8 21. e5
Nd5 22. Bg1 b5 23. Qc2 Nxf4 24. Rxf4 Qxe5 25. Qf2 g5 26. Bxc6 Re6 27. Bg2 Rf6
28. Kh1 Rxf4 29. Qxc5 Qe2 30. Qe3 Qxb2 31. Rc1 Bf5 32. Nf3 Be4 33. Bh2 Rxf3 0-1

[Event "Südlohner SV 1 - SG Bochum 2"]
[Site "NRW-Klasse - Gruppe 2 2021/20"]
[Date "2022.03.27"]
[Round "7.5"]
[White "Gluma, Christian"]
[Black "Doennebrink, Elmar"]
[Result "1-0"]
[WhiteElo "1985"]
[BlackElo "2047"]
[PlyCount "57"]
[EventDate "2022.??.??"]
[SourceVersionDate "2020.03.16"]
[WhiteTeam "SG Bochum 2"]
[BlackTeam "Südlohner SV 1"]

1. e4 c5 2. Nf3 d6 3. d4 cxd4 4. Nxd4 Nf6 5. Nc3 g6 6. Be3 Bg7 7. Qd2 Ng4 8.
Bg5 h6 9. Bh4 Nc6 10. Nb3 Be6 11. f4 f5 12. exf5 gxf5 13. h3 Nf6 14. Qe3 Qd7
15. O-O-O Bf7 16. Nc5 Qc8 17. Rxd6 O-O 18. Rd2 Nb4 19. Nb3 Nfd5 20. Nxd5 Nxd5
21. Qf3 Nf6 22. g4 fxg4 23. hxg4 Nxg4 24. Bh3 h5 25. Bxe7 Re8 26. Bg5 Qe6 27.
f5 Qe5 28. c3 Ne3 29. Re1 1-0

[Event "Südlohner SV 1 - SG Bochum 2"]
[Site "NRW-Klasse - Gruppe 2 2021/20"]
[Date "2022.03.27"]
[Round "7.7"]
[White "Butschek, Marc"]
[Black "Sparwel, Oliver"]
[Result "0-1"]
[WhiteElo "2025"]
[BlackElo "1906"]
[PlyCount "72"]
[EventDate "2022.??.??"]
[SourceVersionDate "2020.03.16"]
[WhiteTeam "SG Bochum 2"]
[BlackTeam "Südlohner SV 1"]

1. e4 d6 2. Bc4 Nf6 3. d3 c6 4. Nc3 b5 5. Bb3 Nbd7 6. Nf3 e6 7. Bg5 Be7 8. Qd2
Bb7 9. a3 a6 10. Ne2 h6 11. Bh4 e5 12. Bg3 Nh5 13. c3 c5 14. Bc2 O-O 15. d4 Bf6
16. O-O Re8 17. Rfe1 Nf8 18. dxe5 dxe5 19. Qe3 Qe7 20. Rad1 Rad8 21. h3 Ng6 22.
Bh2 Nh4 23. Rxd8 Rxd8 24. g4 Nxf3+ 25. Qxf3 Rd2 26. gxh5 Rxc2 27. Qd3 Rxb2 28.
Rd1 Bh4 29. Ng3 Qg5 30. Qd7 Bxe4 31. Qe8+ Kh7 32. Qxf7 c4 33. Re1 Bd3 34. Qd5
Qd2 35. Re2 Qd1+ 36. Kg2 Rxe2 0-1

[Event "Südlohner SV 1 - SG Bochum 2"]
[Site "NRW-Klasse - Gruppe 2 2021/20"]
[Date "2022.03.27"]
[Round "7.8"]
[White "Harbers, Gerard"]
[Black "Butschek, Gerhard"]
[Result "1-0"]
[WhiteElo "1844"]
[BlackElo "1660"]
[PlyCount "27"]
[EventDate "2022.??.??"]
[SourceVersionDate "2020.03.16"]
[WhiteTeam "Südlohner SV 1"]
[BlackTeam "SG Bochum 2"]

1. e4 b6 2. d4 Bb7 3. Nc3 Nf6 4. Bd3 e6 5. Nge2 Be7 6. O-O h6 7. e5 Nd5 8. Nxd5
Bxd5 9. Nf4 Bg5 10. Nxd5 exd5 11. f4 Be7 12. Qg4 O-O 13. Rf3 Bh4 14. Rh3 1-0

[Event "SG Bochum 2 - SV Horst-Emscher 1"]
[Site "NRW-Klasse - Gruppe 2 2021/20"]
[Date "2022.04.24"]
[Round "8.1"]
[White "Baerwolf, Steven"]
[Black "Wuebker, Paul-Luca"]
[Result "1-0"]
[WhiteElo "2266"]
[BlackElo "2174"]
[PlyCount "67"]
[EventDate "2022.??.??"]
[SourceVersionDate "2020.03.16"]
[WhiteTeam "SV Horst-Emscher 1"]
[BlackTeam "SG Bochum 2"]

1. e4 c5 2. Nf3 d6 3. d4 cxd4 4. Nxd4 Nf6 5. Nc3 g6 6. Be3 Bg7 7. f3 O-O 8. Qd2
Nc6 9. Bc4 Bd7 10. O-O-O Rb8 11. Bb3 Na5 12. Kb1 b5 13. h4 Nc4 14. Bxc4 bxc4
15. Ka1 h5 16. Rb1 Rb6 17. Bh6 Bxh6 18. Qxh6 Ra6 19. g4 e6 20. Rhg1 hxg4 21. h5
g5 22. Qxg5+ Kh7 23. fxg4 Rg8 24. Qh4 e5 25. Nf5 d5 26. g5 Nxe4 27. g6+ Kh8 28.
gxf7 Rf8 29. Ne7 Kh7 30. Ng6 Qxh4 31. Nxf8+ Kh6 32. Nxd7 Rf6 33. Nxf6 Qxf6 34.
Rg6+ 1-0

[Event "SG Bochum 2 - SV Horst-Emscher 1"]
[Site "NRW-Klasse - Gruppe 2 2021/20"]
[Date "2022.04.24"]
[Round "8.2"]
[White "Mazarov, Juergen"]
[Black "Rebentisch, Tom"]
[Result "0-1"]
[WhiteElo "2046"]
[BlackElo "2161"]
[PlyCount "74"]
[EventDate "2022.??.??"]
[SourceVersionDate "2020.03.16"]
[WhiteTeam "SG Bochum 2"]
[BlackTeam "SV Horst-Emscher 1"]

1. Nf3 d5 2. g3 Nf6 3. Bg2 Bf5 4. O-O e6 5. d3 Be7 6. Nbd2 O-O 7. Qe1 Bg6 8.
Ne5 c5 9. b3 Qc7 10. Bb2 Nc6 11. Nxg6 hxg6 12. e4 Rfd8 13. h3 Rac8 14. f4 Na5
15. e5 Nh7 16. c4 dxc4 17. dxc4 Nc6 18. Be4 Rd7 19. Nf3 Rcd8 20. g4 Nb4 21. Bc3
Nf8 22. f5 gxf5 23. gxf5 exf5 24. Bxf5 Ne6 25. Qg3 Qc6 26. Kh2 Nd3 27. Rg1 Ndf4
28. Raf1 Rd3 29. Bxd3 Rxd3 30. Bd2 Ne2 31. Qg4 Nxg1 32. Kxg1 Nd4 33. Nxd4 Rxd4
34. Bf4 Qe4 35. Rf2 g5 36. h4 Qe1+ 37. Kg2 Qxf2+ 0-1

[Event "SG Bochum 2 - SV Horst-Emscher 1"]
[Site "NRW-Klasse - Gruppe 2 2021/20"]
[Date "2022.04.24"]
[Round "8.3"]
[White "de Roda Husman, Juan"]
[Black "Fistoul, Boris"]
[Result "1/2-1/2"]
[WhiteElo "2241"]
[BlackElo "2016"]
[PlyCount "85"]
[EventDate "2022.??.??"]
[SourceVersionDate "2020.03.16"]
[WhiteTeam "SV Horst-Emscher 1"]
[BlackTeam "SG Bochum 2"]

1. e4 e6 2. d4 b6 3. Nc3 Bb7 4. Bd3 c5 5. Nf3 Nf6 6. O-O cxd4 7. Nxd4 Nc6 8.
Nxc6 Bxc6 9. e5 Nd5 10. Nxd5 Bxd5 11. Qg4 h5 12. Qe2 Rc8 13. c4 Bb7 14. Be4
Bxe4 15. Qxe4 Qc7 16. Bg5 Be7 17. Bxe7 Kxe7 18. b3 Qc6 19. Qh4+ f6 20. Rad1 Qc5
21. Rfe1 Rcd8 22. Rd3 d6 23. exf6+ gxf6 24. Rde3 e5 25. Rg3 Kf7 26. Qe4 d5 27.
Qg6+ Ke6 28. Rf3 Rdf8 29. Qf5+ Ke7 30. cxd5 Qxd5 31. Rd3 Qe6 32. Qe4 Rd8 33.
Rg3 Rhg8 34. Rc1 Rxg3 35. Qh7+ Kf8 36. hxg3 Qf7 37. Qh8+ Ke7 38. Rc7+ Rd7 39.
Qc8 Rxc7 40. Qxc7+ Ke6 41. Qc6+ Ke7 42. Kh2 Kf8 43. f3 1/2-1/2

[Event "SG Bochum 2 - SV Horst-Emscher 1"]
[Site "NRW-Klasse - Gruppe 2 2021/20"]
[Date "2022.04.24"]
[Round "8.4"]
[White "Rempe, Moritz"]
[Black "Kroeger, Fabian"]
[Result "1/2-1/2"]
[WhiteElo "2037"]
[BlackElo "2196"]
[PlyCount "93"]
[EventDate "2022.??.??"]
[SourceVersionDate "2020.03.16"]
[WhiteTeam "SG Bochum 2"]
[BlackTeam "SV Horst-Emscher 1"]

1. e4 c5 2. Nf3 d6 3. d4 cxd4 4. Nxd4 Nf6 5. Nc3 g6 6. f3 Bg7 7. Be3 Nc6 8. Qd2
O-O 9. Bc4 Bd7 10. O-O-O Rc8 11. Bb3 Ne5 12. Kb1 Nc4 13. Bxc4 Rxc4 14. g4 h5
15. h3 b5 16. Rc1 b4 17. Nce2 Qa5 18. c3 Rb8 19. Qd3 Qa6 20. cxb4 Rbxb4 21.
Rxc4 Qxc4 22. Qxc4 Rxc4 23. Rc1 Rxc1+ 24. Kxc1 a6 25. Nc3 Kf8 26. Kd2 Ke8 27.
Nde2 Bc6 28. Bd4 e5 29. Bf2 Kd7 30. Bh4 Ke6 31. Ng3 Ng8 32. Bg5 f6 33. Be3 h4
34. Nf1 f5 35. Bf2 Bh6+ 36. Ne3 fxg4 37. fxg4 Nf6 38. Kd3 Bg5 39. b3 d5 40.
exd5+ Nxd5 41. Nexd5 Bxd5 42. Nxd5 Kxd5 43. Be3 Be7 44. Bf2 e4+ 45. Ke2 g5 46.
Be3 Bf6 47. Kd2 1/2-1/2

[Event "SG Bochum 2 - SV Horst-Emscher 1"]
[Site "NRW-Klasse - Gruppe 2 2021/20"]
[Date "2022.04.24"]
[Round "8.5"]
[White "de Mie, Mariska"]
[Black "Gluma, Christian"]
[Result "0-1"]
[WhiteElo "2119"]
[BlackElo "1985"]
[PlyCount "68"]
[EventDate "2022.??.??"]
[SourceVersionDate "2020.03.16"]
[WhiteTeam "SV Horst-Emscher 1"]
[BlackTeam "SG Bochum 2"]

1. e4 g6 2. d4 Bg7 3. h4 h5 4. Bc4 c6 5. Qf3 e6 6. c3 d5 7. Bb3 Na6 8. Bg5 Qa5
9. Nd2 b5 10. exd5 cxd5 11. Bxd5 exd5 12. Qxd5 Rb8 13. Nc4 Qc7 14. Nd6+ Kf8 15.
Nxc8 Rxc8 16. Qxb5 Qd6 17. Ne2 Nc7 18. Qd3 Ne6 19. Bd2 Nh6 20. Ng3 Re8 21.
O-O-O Qd5 22. Qa6 Qxg2 23. Rhg1 Qf3 24. Qxa7 Qd5 25. Qa3+ Kg8 26. Qb3 Qa8 27.
d5 Rb8 28. Qc4 Rc8 29. Qe4 Nc5 30. Qb1 Qxd5 31. Be3 Qc4 32. Bd4 Bxd4 33. Rxd4
Nb3+ 34. axb3 Qxd4 0-1

[Event "SG Bochum 2 - SV Horst-Emscher 1"]
[Site "NRW-Klasse - Gruppe 2 2021/20"]
[Date "2022.04.24"]
[Round "8.7"]
[White "Arndt, Olaf"]
[Black "Butschek, Marc"]
[Result "1-0"]
[WhiteElo "1862"]
[BlackElo "2025"]
[PlyCount "41"]
[EventDate "2022.??.??"]
[SourceVersionDate "2020.03.16"]
[WhiteTeam "SV Horst-Emscher 1"]
[BlackTeam "SG Bochum 2"]

1. e4 c6 2. d4 d5 3. exd5 cxd5 4. Bd3 Nc6 5. c3 Nf6 6. Bf4 g6 7. Nf3 Bg7 8.
Nbd2 O-O 9. O-O b6 10. Re1 Bb7 11. Ne5 Nd7 12. Nxc6 Bxc6 13. Qe2 e6 14. Nf3 Re8
15. Qd2 Qe7 16. h4 h5 17. Ng5 Qf6 18. Re2 e5 19. Rae1 Qe7 20. dxe5 Bxe5 21.
Bxe5 1-0

[Event "SG Bochum 2 - SV Horst-Emscher 1"]
[Site "NRW-Klasse - Gruppe 2 2021/20"]
[Date "2022.04.24"]
[Round "8.8"]
[White "Gausmann, Thomas"]
[Black "Goeldenboog, Juergen"]
[Result "0-1"]
[WhiteElo "1713"]
[BlackElo "1833"]
[PlyCount "96"]
[EventDate "2022.??.??"]
[SourceVersionDate "2020.03.16"]
[WhiteTeam "SG Bochum 2"]
[BlackTeam "SV Horst-Emscher 1"]

1. e4 c6 2. Nc3 d5 3. Nf3 dxe4 4. Nxe4 Nf6 5. Qe2 Bg4 6. c3 Qd5 7. Nxf6+ gxf6
8. d4 Bxf3 9. Qxf3 Qxf3 10. gxf3 Nd7 11. f4 f5 12. Be2 Nf6 13. Be3 e6 14. O-O-O
Bd6 15. c4 Rg8 16. Rhg1 Ke7 17. Bf3 Rg6 18. d5 cxd5 19. cxd5 Rc8+ 20. Kb1 Rxg1
21. Rxg1 Nxd5 22. Rg7 Bxf4 23. Bxf4 Nxf4 24. Bxb7 Rc7 25. Ba6 h5 26. b4 Kf6 27.
Rg8 Nd5 28. a3 Nc3+ 29. Ka1 Nd1 30. f4 Rc1+ 31. Ka2 Rc2+ 32. Kb3 Rc3+ 33. Ka2
Rc2+ 34. Kb3 Rxh2 35. a4 Rh3+ 36. Kc4 Rc3+ 37. Kd4 Rf3 38. Ra8 Rxf4+ 39. Kc5
Nc3 40. Bb5 h4 41. Rxa7 h3 42. Ra8 Rh4 43. Bf1 Ne4+ 44. Kc6 Nd2 45. Bxh3 Rxh3
46. b5 Rc3+ 47. Kd7 Nc4 48. a5 Ra3 0-1

[Event "SV Welper 1 - SG Ennepe-Ruhr-Süd 1"]
[Site "NRW-Klasse - Gruppe 2 2021/20"]
[Date "2022.04.24"]
[Round "8.1"]
[White "Arndt, Stefan"]
[Black "Fuellgrabe, Thomas"]
[Result "1/2-1/2"]
[WhiteElo "2116"]
[BlackElo "2229"]
[PlyCount "37"]
[EventDate "2022.??.??"]
[SourceVersionDate "2020.03.16"]
[WhiteTeam "SG Ennepe-Ruhr-Süd 1"]
[BlackTeam "SV Welper 1"]

1. e4 e5 2. Nf3 Nf6 3. d4 Nxe4 4. dxe5 d5 5. Nbd2 Nxd2 6. Qxd2 c5 7. c3 Nc6 8.
Bd3 h6 9. h4 Be6 10. h5 Qc7 11. Qf4 O-O-O 12. O-O Be7 13. Re1 Rdg8 14. Nh4 Bxh4
15. Qxh4 Qe7 16. Qxe7 Nxe7 17. Be3 b6 18. b4 c4 19. Be2 1/2-1/2

[Event "SV Welper 1 - SG Ennepe-Ruhr-Süd 1"]
[Site "NRW-Klasse - Gruppe 2 2021/20"]
[Date "2022.04.24"]
[Round "8.2"]
[White "Kemna, Guido"]
[Black "Tripolsky, Eugen"]
[Result "1/2-1/2"]
[WhiteElo "2136"]
[BlackElo "2204"]
[PlyCount "120"]
[EventDate "2022.??.??"]
[SourceVersionDate "2020.03.16"]
[WhiteTeam "SV Welper 1"]
[BlackTeam "SG Ennepe-Ruhr-Süd 1"]

1. c4 Nf6 2. Nc3 e5 3. Nf3 e4 4. Ng5 c6 5. Ngxe4 Nxe4 6. Nxe4 d5 7. cxd5 cxd5
8. Nc3 d4 9. Nb1 Nc6 10. d3 Be6 11. e4 dxe3 12. Bxe3 Bb4+ 13. Nc3 Qa5 14. Be2
Bxc3+ 15. bxc3 Qxc3+ 16. Bd2 Qa3 17. O-O O-O 18. Qc1 Qxc1 19. Rfxc1 Rad8 20.
Be3 Rd7 21. Rc3 Rfd8 22. a3 Nd4 23. Kf1 a6 24. a4 h6 25. Rac1 Bf5 26. Rd1 Rd5
27. Ke1 R8d7 28. Bf1 Ra5 29. Rc4 Nc6 30. Rc5 Rxc5 31. Bxc5 Rd5 32. d4 Bc2 33.
Rd2 Bxa4 34. Bc4 Rd8 35. d5 Ne5 36. Be2 Rc8 37. Ba3 Nc4 38. Bxc4 Rxc4 39. d6
Re4+ 40. Re2 Rxe2+ 41. Kxe2 f6 42. Kd3 Kf7 43. Kd4 Bc6 44. Bc5 Ke6 45. g3 g5
46. Kc4 Kf5 47. Bd4 Ke6 48. Bc5 f5 49. Kd4 f4 50. Kc4 Kf5 51. Bd4 fxg3 52. fxg3
Ke4 53. h4 Bb5+ 54. Kc3 Kd5 55. hxg5 hxg5 56. Be3 Kxd6 57. Bxg5 Bd7 58. Be3 Kc6
59. Kb4 b6 60. Bxb6 Kxb6 1/2-1/2

[Event "SV Welper 1 - SG Ennepe-Ruhr-Süd 1"]
[Site "NRW-Klasse - Gruppe 2 2021/20"]
[Date "2022.04.24"]
[Round "8.3"]
[White "Arakelian, Aik"]
[Black "Schaller, Fabian"]
[Result "1/2-1/2"]
[WhiteElo "2037"]
[BlackElo "2029"]
[PlyCount "39"]
[EventDate "2022.??.??"]
[SourceVersionDate "2020.03.16"]
[WhiteTeam "SG Ennepe-Ruhr-Süd 1"]
[BlackTeam "SV Welper 1"]

1. Nf3 Nf6 2. c4 b6 3. d4 e6 4. Nc3 Bb4 5. Bd2 Bb7 6. e3 Bxc3 7. Bxc3 Ne4 8.
Rc1 O-O 9. Bd3 f5 10. O-O d6 11. Be1 Nd7 12. Nd2 Nxd2 13. Qxd2 Qe7 14. Qc2 Qg5
15. f4 Qg6 16. Bh4 Rf7 17. h3 c5 18. Kh2 cxd4 19. exd4 Be4 20. b4 1/2-1/2

[Event "SV Welper 1 - SG Ennepe-Ruhr-Süd 1"]
[Site "NRW-Klasse - Gruppe 2 2021/20"]
[Date "2022.04.24"]
[Round "8.4"]
[White "Linde, Wolfgang"]
[Black "Bruchmann, Norbert"]
[Result "1/2-1/2"]
[WhiteElo "2089"]
[BlackElo "2048"]
[PlyCount "87"]
[EventDate "2022.??.??"]
[SourceVersionDate "2020.03.16"]
[WhiteTeam "SV Welper 1"]
[BlackTeam "SG Ennepe-Ruhr-Süd 1"]

1. d4 e6 2. c4 f5 3. Nf3 Nf6 4. e3 b6 5. Be2 Bb4+ 6. Nbd2 Bb7 7. O-O O-O 8. a3
Bxd2 9. Nxd2 d6 10. b4 Nbd7 11. Bb2 Qe8 12. f3 Qg6 13. Rf2 Rae8 14. Nf1 Kh8 15.
a4 e5 16. a5 exd4 17. exd4 b5 18. a6 Ba8 19. c5 Bd5 20. Bxb5 c6 21. Bd3 Nh5 22.
Bc1 Qf6 23. Bc2 dxc5 24. bxc5 f4 25. Ra4 Qe6 26. Qd3 g6 27. Bd2 Rb8 28. Bc3
Rfe8 29. Bd1 Kg8 30. Re2 Qf7 31. Nd2 Rxe2 32. Qxe2 Re8 33. Ne4 Ndf6 34. Bc2 Qe6
35. Rb4 Nxe4 36. Bxe4 Nf6 37. Bd2 Bxe4 38. fxe4 Nxe4 39. Bxf4 Nxc5 40. Qxe6+
Nxe6 41. Bb8 Nxd4 42. Rb7 Nb5 43. Kf2 Re4 44. Bxa7 1/2-1/2

[Event "SV Welper 1 - SG Ennepe-Ruhr-Süd 1"]
[Site "NRW-Klasse - Gruppe 2 2021/20"]
[Date "2022.04.24"]
[Round "8.5"]
[White "Heller, Achim"]
[Black "Conrad, Joachim"]
[Result "1/2-1/2"]
[WhiteElo "1985"]
[BlackElo "1981"]
[PlyCount "135"]
[EventDate "2022.??.??"]
[SourceVersionDate "2020.03.16"]
[WhiteTeam "SG Ennepe-Ruhr-Süd 1"]
[BlackTeam "SV Welper 1"]

1. d4 d6 2. Nf3 Nf6 3. c4 Nbd7 4. Nc3 e5 5. e4 Be7 6. Be2 O-O 7. O-O Re8 8. Qc2
c6 9. Rd1 Qc7 10. h3 a5 11. Be3 Bf8 12. Rac1 g6 13. d5 Nc5 14. Ne1 Bd7 15. Bf3
Rac8 16. Nd3 Nxd3 17. Qxd3 c5 18. Bg5 Bg7 19. Be2 h6 20. Bd2 Nh7 21. Qg3 Qd8
22. Nb5 Bxb5 23. cxb5 b6 24. a3 Ra8 25. Rf1 Ra7 26. Rc2 Qe7 27. Bd3 Nf6 28. Qf3
Nh7 29. Re1 Rc7 30. Qd1 Rec8 31. Qc1 h5 32. Kh2 Bf6 33. Qd1 Bg5 34. Bc3 Qd7 35.
a4 Rf8 36. g3 h4 37. b3 Qe7 38. Rg1 hxg3+ 39. fxg3 Kg7 40. Qg4 Qd7 41. Qxd7
Rxd7 42. Rf1 Rh8 43. Re2 Nf6 44. Kg2 Rf8 45. Ref2 Ne8 46. Be2 Rh8 47. Bg4 Rc7
48. h4 Bh6 49. Rf3 Rf8 50. h5 g5 51. Bd2 f6 52. Be3 Ra7 53. Bf5 Nc7 54. Bg6
Raa8 55. Kh3 Ra7 56. Kg4 Raa8 57. Kf5 Rfb8 58. R3f2 Ra7 59. Kg4 Rf8 60. Rf5
Raa8 61. Rh1 Ra7 62. Rff1 Raa8 63. Rd1 Rfd8 64. Kf3 Rf8 65. Ke2 Rfd8 66. Kd3
Rf8 67. Kc4 Rab8 68. Rdf1 1/2-1/2